[Event "1st WMSG Rapid Team w"]
[Site "Beijing CHN"]
[Date "2008.10.15"]
[Round "4"]
[White "Tsai,C"]
[Black "Bayrak,A"]
[Result "0-1"]
[WhiteElo "2152"]
[BlackElo "2005"]

1.d4 d5 2.c4 c6 3.Nf3 Nf6 4.Nc3 dxc4 5.a4 Bf5 6.e3 e6 7.Bxc4 Nbd7 8.Qe2 Bb4
9.O-O Bg6 10.Rd1 O-O 11.Ne5 Qa5 12.Nxg6 hxg6 13.Bd2 c5 14.d5 exd5 15.Nxd5 Nxd5
16.Bxd5 Rab8 17.e4 Bxd2 18.Qxd2 Qc7 19.Rac1 Rbd8 20.b4 b6 21.Qg5 Nf6 22.bxc5 bxc5
23.Rd3 Rfe8 24.f3 Re5 25.Qd2 Nxd5 26.Rxd5 Rexd5 27.exd5 Qd6 28.Qa5 Qxd5 29.Qxc5 Qd2
30.Rf1 a5 31.h3 Re8 32.Rf2 Qd1+ 33.Kh2 Qxa4 34.Qd5 Qf4+ 35.g3 Qb4 36.Ra2 a4
37.h4 a3 38.Kh3 Re1 39.Qa8+ Kh7 40.Qxa3 Rh1+ 41.Rh2 Rxh2+ 42.Kxh2 Qxa3 43.Kg2 Kg8
44.g4 f6 45.Kg3 Kf7 46.h5 gxh5 47.gxh5 Qc5 48.Kg4 Qg5+ 49.Kh3 Qxh5+ 50.Kg3 Kg6
51.f4 Kf5 52.Kg2 Ke4 53.Kf2 Qf3+ 54.Kg1 Qg3+ 55.Kh1 Qh4+  0-1

[Event "1st WMSG Rapid Team"]
[Site "Beijing CHN"]
[Date "2008.10.15"]
[Round "6"]
[White "Cooper,L"]
[Black "Bouaziz,M"]
[Result "1/2-1/2"]
[WhiteElo "2313"]
[BlackElo "2203"]

1.d4 d5 2.c4 c6 3.Nc3 Nf6 4.Nf3 dxc4 5.a4 Bf5 6.e3 e6 7.Bxc4 Bb4 8.Qb3 a5
9.Bd2 O-O 10.Ne2 Bxd2+ 11.Nxd2 Qc7 12.Ng3 Bg6 13.O-O Nbd7 14.Rac1 Rac8 15.Bd3 Bxd3
16.Qxd3 Rfd8 17.Qc2 g6 18.Rfd1 Kg7 19.e4 e5 20.d5 Qb8 21.dxc6 Rxc6 22.Qb3 Nc5
23.Qe3 Qd6 24.Qg5 Kh8 25.h4 Nxa4 26.Nc4 Qxd1+ 27.Rxd1 Rxd1+ 28.Kh2 Ng4+ 29.Qxg4 Rd8
30.Nxe5 Rc7 31.Qf4 Rdc8 32.Nxf7+ Kg7 33.Ng5 Re7 34.e5  1/2-1/2

[Event "XV PRO AM Open"]
[Site "Villa Martelli ARG"]
[Date "2008.10.15"]
[Round "6"]
[White "Gibson,T"]
[Black "Real de Azua,E"]
[Result "0-1"]
[WhiteElo "2252"]
[BlackElo "2413"]

1.d4 d5 2.c4 c6 3.Nf3 Nf6 4.Nc3 dxc4 5.a4 Bf5 6.e3 e6 7.Bxc4 Bb4 8.O-O Nbd7
9.Qb3 Qb6 10.h3 O-O 11.Nh4 Bg6 12.Nxg6 hxg6 13.Qc2 a5 14.Rd1 Rac8 15.b3 Rfd8
16.Bb2 Qc7 17.e4 e5 18.Ne2 b5 19.Bd3 bxa4 20.bxa4 exd4 21.Bxd4 c5 22.Bxf6 gxf6
23.Ba6 Ra8 24.Bb5 Nb6 25.Nd4 Rd6 26.Bf1 Qe7 27.Nb5 Rxd1 28.Rxd1 Rd8 29.Rxd8+ Qxd8
30.Bd3 Kg7 31.Bc4 Nxc4 32.Qxc4 Qd1+ 33.Kh2 Qxa4 34.Nd6 Qd7 35.Qd5 Qe6 36.Qc6 c4  0-1

[Event "1st WMSG Rapid Team"]
[Site "Beijing CHN"]
[Date "2008.10.16"]
[Round "9"]
[White "Ali Laith,A"]
[Black "Goldenberg,I"]
[Result "1-0"]
[WhiteElo "2283"]
[BlackElo "2393"]

1.d4 d5 2.c4 c6 3.Nc3 Nf6 4.Nf3 dxc4 5.a4 Bf5 6.e3 e6 7.Bxc4 Bb4 8.O-O Nbd7
9.Qe2 Bg6 10.Rd1 O-O 11.Bd3 Bxd3 12.Rxd3 Qe7 13.e4 e5 14.dxe5 Nxe5 15.Nxe5 Qxe5
16.f4 Qe6 17.e5 Nd7 18.Be3 Be7 19.Rad1 Nc5 20.Rd6 Bxd6 21.Rxd6 Qf5 22.Bxc5 Qxf4
23.Rd4 Qc1+ 24.Rd1 Qg5 25.Bxf8 Rxf8 26.h3 h6 27.Rd4 Re8 28.Re4 Qc1+ 29.Kh2 Re6
30.Rg4 Kf8 31.Rb4 b6 32.Rd4 Qg5 33.Re4 Qc1 34.Nd1 Qb1 35.Nf2 Kg8 36.Nd3 Re8
37.e6 fxe6 38.Rxe6 Rxe6 39.Qxe6+ Kh7 40.Qe4+ Kh8 41.h4 Qc2 42.h5 Qd1 43.Qf3 Qxa4
44.Qf8+ Kh7 45.Qf5+ Kg8 46.Nf4 Qb4 47.Qe5 Qf8 48.Ng6 Qd8 49.Ne7+ Kh8 50.Qe6 c5
51.Qc8 Qxc8 52.Nxc8 g6 53.Nxa7 gxh5 54.Kg3 Kg7 55.Kh4 Kg6 56.Nb5 Kf5 57.g3 Ke4
58.Kxh5 Kf3 59.g4 Kf4 60.Nc3 Kg3 61.Ne4+ Kf4 62.Nd6 Kg3 63.Nf5+ Kf4 64.Nxh6 c4
65.g5 b5 66.g6  1-0

[Event "South Bohemia Open"]
[Site "Cesky Krumlov CZE"]
[Date "2008.10.17"]
[Round "8"]
[White "Happel,Hen"]
[Black "Fagerstrom,B"]
[Result "1/2-1/2"]
[WhiteElo "2208"]
[BlackElo "2132"]

1.d4 d5 2.c4 c6 3.Nf3 Nf6 4.Nc3 dxc4 5.a4 Bf5 6.e3 e6 7.Bxc4 Bb4 8.O-O O-O
9.Nh4 Bg4 10.f3 Bh5 11.g4 Nd5 12.Qe1 Bg6 13.Nxg6 hxg6 14.Bd2 a5 15.Qe2 Nd7
16.Rfd1 N5b6 17.Bb3 e5  1/2-1/2

[Event "1st Bobotsov Mem"]
[Site "Sofia BUL"]
[Date "2008.10.18"]
[Round "4"]
[White "Nikolov,Mo"]
[Black "Vasilev,M"]
[Result "0-1"]
[WhiteElo "2488"]
[BlackElo "2477"]

1.d4 d5 2.Nf3 Nf6 3.c4 c6 4.Nc3 dxc4 5.a4 Bf5 6.e3 e6 7.Bxc4 Bb4 8.O-O O-O
9.Qe2 Nbd7 10.e4 Bg6 11.Bd3 Bh5 12.e5 Nd5 13.Nxd5 cxd5 14.Qe3 Be7 15.Ne1 Bg6
16.f4 Qb6 17.g4 Bxd3 18.Nxd3 f5 19.Bd2 Rac8 20.a5 Qb3 21.Kh1 fxg4 22.Rg1 h5
23.h3 Rf5 24.hxg4 hxg4 25.Rxg4 Rh5+ 26.Kg2 Rc2 27.Kf3 Rh3+ 28.Rg3 Rxg3+ 29.Kxg3 Nb8
30.Bc3 Qb5 31.Rh1 Qe8 32.Kf3 Qg6 33.Ne1 Rc1 34.Kf2 Ra1 35.Qh3 Nc6 36.Nf3 Rxh1
37.Qxh1 Qg4 38.Ke2 a6 39.Qg1 Qxg1 40.Nxg1 Bd8 41.Nh3 Kf7 42.Kf3 Bxa5 43.Bxa5 Nxa5
44.Ng5+ Ke7 45.f5 exf5 46.Kf4 g6 47.Nf3 Nc6 48.Kg5 Kf7 49.e6+ Kxe6 50.Kxg6 Ne7+
51.Kg5 a5 52.Ne1 Nc6 53.Nd3 Nxd4 54.Nc5+ Ke5 55.Nxb7 a4 56.Kh4 Ne6 57.Kg3 d4
58.Kf2 f4 59.Ke2 Kd5 60.Na5 Nc5 61.Kf3 Nd3  0-1

[Event "XV PRO AM Open"]
[Site "Villa Martelli ARG"]
[Date "2008.10.18"]
[Round "9"]
[White "Mareco,S"]
[Black "Real de Azua,E"]
[Result "1/2-1/2"]
[WhiteElo "2481"]
[BlackElo "2413"]

1.d4 d5 2.c4 c6 3.Nf3 Nf6 4.Nc3 dxc4 5.a4 Bf5 6.Ne5 Nbd7 7.Nxc4 Nb6 8.Ne5 a5
9.g3 e6 10.Bg2 Bb4 11.O-O O-O 12.e3 h6 13.Qe2 Bh7 14.Rd1 Nfd7 15.Nd3 Qe7
16.e4 e5 17.d5 Bd6 18.dxc6 bxc6 19.b3 Kh8 20.Be3 f6 21.Qc2 Bg8 22.Nb1 Rfc8
23.Nd2 Be6 24.Rac1 Ba3 25.Rb1 c5 26.Nb2 Bxb2 27.Qxb2 c4 28.bxc4 Nxa4 29.Qc2 Nac5
30.Rb5 a4  1/2-1/2

[Event "24th ECC"]
[Site "Kallithea GRE"]
[Date "2008.10.19"]
[Round "3"]
[White "Sakaev,K"]
[Black "Georgiev,Ki"]
[Result "1/2-1/2"]
[WhiteElo "2640"]
[BlackElo "2645"]

1.d4 d5 2.c4 c6 3.Nf3 Nf6 4.Nc3 dxc4 5.a4 Bf5 6.Ne5 Nbd7 7.Nxc4 Nb6 8.Ne5 a5
9.g3 e6 10.Bg2 Bb4 11.O-O O-O 12.e3 h6 13.Qe2 Bh7 14.Rd1 Nfd7 15.Nd3 Qf6
16.Ne4 Qe7 17.Nxb4 axb4 18.a5 e5 19.Bd2 Nd5 20.Be1 Rfe8 21.Qc4 exd4 22.Rxd4 Bf5
23.Nd2 Be6 24.Qc2 Nc7 25.Nb3 Na6  1/2-1/2

[Event "24th ECC"]
[Site "Kallithea GRE"]
[Date "2008.10.19"]
[Round "3"]
[White "Pileckis,E"]
[Black "De Jong,JW"]
[Result "0-1"]
[WhiteElo "2472"]
[BlackElo "2479"]

1.Nf3 Nf6 2.c4 c6 3.d4 d5 4.Nc3 dxc4 5.a4 Bf5 6.Ne5 Nbd7 7.Nxc4 Nb6 8.Ne5 a5
9.Bg5 g6 10.f3 Bg7 11.e4 Be6 12.Be3 Nfd7 13.Nxd7 Bxd7 14.Qb3 Nc8 15.Be2 O-O
16.O-O Be6 17.Qxb7 Nd6 18.Qxc6 Rc8 19.Qa6 Nc4 20.Bf2 Bxd4 21.Rad1 Bxf2+ 22.Rxf2 Qc7
23.Nb5 Qc5 24.Nd4 Bd7 25.Nb3 Qb4 26.Rd4 Qe1+ 27.Bf1 Be6 28.Re2 Qb1 29.Nd2 Nxd2
30.Rexd2 Rc1 31.Kf2 Rb8 32.Bb5 Rh1 33.Bf1 Rxb2 34.h3 Qc1 35.Rd8+ Kg7 36.Rxb2 Qxb2+
37.Kg3 Qc1 38.Be2 Qc7+  0-1

[Event "1st Bobotsov Mem"]
[Site "Sofia BUL"]
[Date "2008.10.19"]
[Round "6"]
[White "Nikolov,Mo"]
[Black "Todorov,O"]
[Result "1/2-1/2"]
[WhiteElo "2488"]
[BlackElo "2318"]

1.d4 d5 2.Nf3 Nf6 3.c4 c6 4.Nc3 dxc4 5.a4 Bf5 6.e3 e6 7.Bxc4 Nbd7 8.O-O Bb4
9.Qe2 Bg4 10.h3 Bh5 11.e4 O-O 12.Rd1 Qe7 13.e5 Nd5 14.Ne4 h6 15.Ng3 Bg6 16.Ne1 Qh4
17.Bd2 Bxd2 18.Rxd2 Rac8 19.Nf3 Qf4 20.Re1 N7b6 21.Bb3 c5 22.a5 c4 23.axb6 cxb3
24.bxa7 Ra8 25.Ra1 b6 26.Qb5 Bc2 27.Ne2 Qe4 28.Nc1 Nf4 29.Nxb3 Bd3 30.Qxb6 Qg6
31.Ne1 Nxh3+ 32.Kh2 Nf4 33.Nc5 Bc4 34.f3 Qg5 35.Ne4 Qh4+ 36.Kg1 Ne2+ 37.Rxe2 Bxe2
38.Qb4 Rfc8 39.Nd6 Rc4 40.Qd2 Qxd4+ 41.Qxd4 Rxd4 42.Kf2 Rd2 43.b4 Rb2 44.Ke3 Bf1
45.g4 Rxb4 46.Nc2 Rb3+ 47.Kf4 Be2 48.Nd4 Rb4 49.Ke3 Bc4 50.f4 Bd5 51.N4b5 g5
52.fxg5 hxg5 53.Nc7 Rxg4 54.Nxa8 Bxa8 55.Rb1 Rg3+ 56.Kd4 Bd5 57.Rb8+ Kh7
58.a8=Q Bxa8 59.Rxa8 Rf3 60.Ne4 Rf4 61.Ke3 Rf5 62.Nf6+ Kg7 63.Rg8+ Kh6 64.Kd4 Rf1
65.Ke3 Re1+ 66.Kf3 Rxe5 67.Ng4+ Kh7 68.Nf6+ Kh6  1/2-1/2

[Event "WYCC Boys U16"]
[Site "Vung Tau City VIE"]
[Date "2008.10.20"]
[Round "1"]
[White "Binder,Mi"]
[Black "Vaarala,E"]
[Result "1-0"]
[WhiteElo "2181"]
[BlackElo "1880"]

1.d4 d5 2.c4 c6 3.Nf3 Nf6 4.Nc3 dxc4 5.a4 Bf5 6.Ne5 Nbd7 7.Nxc4 Nb6 8.Ne5 e6
9.f3 Bb4 10.e4 Nxe4 11.fxe4 Qh4+ 12.Ke2 Bxc3 13.bxc3 Qxe4+ 14.Kf2 Nd5 15.Bd2 Rd8
16.Bd3 Qh4+ 17.g3 Qf6 18.Bxf5 Qxf5+ 19.Qf3 Qxf3+ 20.Nxf3 f6 21.Rab1 Rd7 22.Rb3 Nb6
23.Rhb1 Nxa4 24.Rxb7 Nb6 25.Rb8+ Rd8 26.Rxd8+ Kxd8 27.Ra1 Nc8 28.Bf4 Re8
29.Ra6 c5 30.Bb8 Re7 31.Bd6 Nxd6 32.Rxd6+ Kc7 33.dxc5 e5 34.g4 Kb7 35.Nd2  1-0

[Event "LiraH Autumn"]
[Site "Lichtenrade GER"]
[Date "2008.10.21"]
[Round "4"]
[White "Exner,R"]
[Black "Poppner,D"]
[Result "1-0"]
[WhiteElo "1961"]
[BlackElo "2111"]

1.d4 d5 2.c4 c6 3.Nc3 Nf6 4.Nf3 dxc4 5.a4 Bf5 6.e3 e6 7.Bxc4 Bb4 8.O-O a5
9.Nh4 Bg4 10.f3 Bh5 11.g3 g5 12.Ng2 Nbd7 13.Re1 Nb6 14.Be2 Nfd5 15.Qd2 Qd7
16.e4 Nxc3 17.bxc3 Be7 18.Qe3 Qc7 19.Bd2 Bg6 20.Reb1 Nd7 21.Rb3 h5 22.Rab1 b6
23.R1b2 e5 24.Qf2 O-O 25.Be3 Rab8 26.Bd3 c5 27.Rb5 f6 28.Qd2 cxd4 29.cxd4 Bb4
30.R2xb4 axb4 31.Bxg5 Qc3 32.Nh4 Bf7 33.Rxb4 Qxd2 34.Bxd2 exd4 35.Nf5 Ne5
36.Be2 d3 37.Bd1 Be6 38.Nd4 Bf7 39.Nf5 Nc6 40.Nh6+ Kg7 41.Rb5 Nd4 42.Rb4 Nc6
43.Nf5+ Kh7 44.Rb2 Bg6 45.Rb5 Ne5 46.Rb4 Bxf5 47.exf5 Rfc8 48.Rh4 Rc2 49.Rxh5+ Kg8
50.Be3 Rb2 51.Kf1 Rb1 52.Ke1 Nxf3+ 53.Kf2 Rxd1 54.Kxf3 Rf1+ 55.Kg2 Re1  1-0

[Event "WYCC Boys U18"]
[Site "Vung Tau City VIE"]
[Date "2008.10.21"]
[Round "2"]
[White "Karthikeyan,P"]
[Black "Ma Qun"]
[Result "1/2-1/2"]
[WhiteElo "2426"]
[BlackElo "2241"]

1.d4 d5 2.c4 c6 3.Nf3 Nf6 4.Nc3 dxc4 5.a4 Bf5 6.e3 e6 7.Bxc4 Bb4 8.O-O Nbd7
9.Qe2 Bg6 10.Rd1 O-O 11.Ne5 Nxe5 12.dxe5 Nd7 13.f4 Qc7 14.Bd2 Rfd8 15.Be1 Nb6
16.Bb3 Rxd1 17.Rxd1 Rd8 18.e4 Rxd1 19.Bxd1 f6 20.Bb3 Bf7 21.exf6 Qxf4 22.fxg7 Bc5+
23.Bf2 Nd7 24.g3 Qxf2+ 25.Qxf2 Kxg7 26.Kf1 Bxf2 27.Kxf2 a5 28.Ke3 Kf6 29.h4 Nc5
30.Bc2 e5 31.g4 Bc4 32.Nb1 h6 33.Nd2 Be6 34.Bd1 b5 35.b3 Bd7 36.Be2 bxa4
37.bxa4 Nxa4 38.Nc4 Nc3 39.g5+ hxg5 40.hxg5+ Kxg5 41.Nxe5 Be8 42.Bc4 c5 43.Nd3 Nxe4  1/2-1/2

[Event "24th ECC"]
[Site "Kallithea GRE"]
[Date "2008.10.22"]
[Round "6"]
[White "Vitiugov,N"]
[Black "Predojevic,B"]
[Result "1/2-1/2"]
[WhiteElo "2638"]
[BlackElo "2615"]

1.Nf3 d5 2.d4 Nf6 3.c4 c6 4.Nc3 dxc4 5.a4 Bf5 6.Ne5 Nbd7 7.Nxc4 Nb6 8.Ne5 a5
9.g3 e6 10.Bg2 Bb4 11.O-O O-O 12.e3 h6 13.Qe2 Bh7 14.Rd1 Nfd7 15.Nd3 Qf6
16.Ne4 Qe7 17.b3 Nd5 18.Nxb4 axb4 19.Bb2 Rfd8 20.Rac1 Rac8 21.Nc5 Nxc5 22.dxc5 Nc3
23.Bxc3 bxc3 24.Rxc3 Rxd1+ 25.Qxd1 Rd8 26.Qe2 Qf6 27.Rc1 Bd3 28.Qa2 e5 29.Qb2 Qe6
30.h4 e4 31.Qc3 Kh7 32.Rd1 f5 33.Rd2 Rd5 34.b4 Qe7 35.Bf1 Qd7 36.Bh3 Kh8
37.Qb2 Kh7 38.Rd1 Qf7 39.Rd2 Qd7 40.Qc3 Kh8 41.h5 Qe8 42.Bf1 Qd7 43.Bh3 Qe8  1/2-1/2

[Event "Vasylyshyn Mem"]
[Site "Lviv UKR"]
[Date "2008.10.23"]
[Round "3"]
[White "Babujian,L"]
[Black "Oleksienko,M"]
[Result "0-1"]
[WhiteElo "2502"]
[BlackElo "2585"]

1.d4 d5 2.c4 c6 3.Nc3 Nf6 4.Nf3 dxc4 5.a4 Bf5 6.e3 e6 7.Bxc4 Bb4 8.O-O O-O
9.Nh4 Bg4 10.f3 Bh5 11.g4 Nd5 12.Ng2 Bg6 13.Qb3 Qe7 14.Bd2 a5 15.Rae1 Nb6
16.Be2 N8d7 17.f4 f6 18.Nh4 Bf7 19.Qc2 c5 20.Rf3 f5 21.Rh3 g6 22.Bf3 Rad8
23.gxf5 exf5 24.e4 cxd4 25.exf5 Qc5 26.Kh1 dxc3 27.bxc3 gxf5 28.Rg1+ Kh8
29.Nxf5 Nf6 30.Be3 Qxc3 31.Qxc3 Bxc3 32.Bxb6 Rd3 33.Rd1 Rxd1+ 34.Bxd1 Bd5+
35.Bf3 Be6 36.Be2 Bb2 37.Bd3 Nd7 38.Bd4+ Bxd4 39.Rxh7+ Kxh7 40.Nxd4+ Kh6
41.Nxe6 Rf6 42.f5 b6 43.Kg2 Nc5 44.Nxc5 bxc5 45.Kf3 Rd6 46.Be4 c4 47.Ke3 c3
48.Bd3 Kg5 49.Ke4 Rd8 50.Ke3 Re8+ 51.Kd4 Rc8 52.Bc2 Rc7 53.h3 Rc8 54.Kd5 Rh8
55.Kc4 Rxh3 56.Bd3 Rh4+ 57.Kxc3 Rxa4 58.Kb3 Rb4+ 59.Ka3 Kf6 60.Bc2 Ke5 61.Ka2 Rf4
62.Ka3 Kd6 63.Kb3 Kc5 64.Ka3 Kc4 65.Bb3+ Kb5 66.Be6 Rf3+ 67.Kb2 Kb4 68.Kc2 Rf2+
69.Kb1 Kc3 70.Ka1 Rf4 71.Ka2 Rf1 72.Ka3 Rf4 73.Ka2 Kb4 74.Kb2 Rf2+ 75.Kc1 Ka3
76.Kb1 Re2 77.Bc4 Re4 78.Bd5 Re5 79.Be6 Re1+ 80.Kc2 Rf1 81.Bd7 Rf2+ 82.Kb1 Rb2+
83.Kc1 Ka2 84.f6 Rf2 85.f7 Ka1 86.Be8 Rf6 87.Kc2 Rf3 88.Kc1 Rf2 89.Kd1 Kb2
90.Ke1 Rf6 91.Kd2 Kb3 92.Kd3 a4 93.Kd4 a3 94.Ke5 a2 95.Kxf6 a1=Q+ 96.Ke6 Qa3
97.Bc6 Qf8 98.Bd5+ Kb4 99.Kd7 Kc5 100.Bb3 Kd4 101.Ke6 Qd8 102.Kf5 Kc5 103.Ke6 Qd6+
104.Kf5 Qh6 105.Ke5 Kc6 106.Be6 Qg7+ 107.Kf5 Kd6 108.Bc4 Qe5+ 109.Kg6 Ke7
110.Ba2 Qg3+  0-1

[Event "Vasylyshyn Mem"]
[Site "Lviv UKR"]
[Date "2008.10.24"]
[Round "5"]
[White "Leniart,A"]
[Black "Zherebukh,Y"]
[Result "0-1"]
[WhiteElo "2368"]
[BlackElo "2473"]

1.d4 d5 2.c4 c6 3.Nc3 Nf6 4.Nf3 dxc4 5.a4 Bf5 6.Ne5 Nbd7 7.Nxc4 Nb6 8.Ne3 Bg6
9.a5 Nbd5 10.Nexd5 Nxd5 11.Qb3 Rb8 12.f3 Nxc3 13.bxc3 e5 14.dxe5 Bc5 15.h4 O-O
16.e4 Qe7 17.Bf4 h5 18.Bd3 b5 19.Ke2 Rfd8 20.Rad1 Qc7 21.Bb1 Re8 22.Bh2 Qxa5
23.f4 b4 24.c4 Qa3 25.Qd3 a5 26.f5 Qxd3+ 27.Bxd3 Bh7 28.e6 Rb7 29.Ra1 Ra8
30.exf7+ Rxf7 31.Bc2 g6 32.Ba4 Rc8 33.Bb3 Ra7 34.Bd6 Bxd6 35.c5+ Kg7 36.cxd6 gxf5
37.e5 Re8 38.Kf3 Rxe5 39.Rhe1 Rxe1 40.Rxe1 Bg8 41.Ba4 Bd5+ 42.Kf4 Rd7 43.Ke5 b3
44.Rb1 Rb7 45.Kd4 b2 46.Kc5 Be4 47.d7 Rxd7 48.Rxb2 Rd5+ 49.Kb6 Kf6 50.Re2 Ke5
51.g3 Rd3 52.Kxa5 Ra3 53.Kb4 Rxg3 54.Bxc6 Rg4 55.Kc3 Rxh4 56.Kd2 Kd4 57.Be8 Rh1
58.Rf2 h4 59.Bg6 Ke5  0-1

[Event "8th Rohde Open"]
[Site "Sautron FRA"]
[Date "2008.10.26"]
[Round "2"]
[White "Lafuente,P"]
[Black "Bensdorp,M"]
[Result "1-0"]
[WhiteElo "2522"]
[BlackElo "2303"]

1.d4 d5 2.c4 c6 3.Nf3 Nf6 4.Nc3 dxc4 5.a4 Bf5 6.Ne5 Nbd7 7.Nxc4 Nb6 8.Ne5 a5
9.g3 e6 10.Bg2 Bb4 11.O-O O-O 12.e3 h6 13.Qe2 Bh7 14.Rd1 Qc7 15.e4 Rad8 16.Bf4 Qc8
17.Nd3 Be7 18.Rac1 g5 19.Be3 Nc4 20.e5 Nd5 21.Ne4 Ncxe3 22.fxe3 Kg7 23.Rf1 f5
24.exf6+ Nxf6 25.Nd2 Qc7 26.Nc4 Ne4 27.Nce5 Bd6 28.Qg4 Bf5 29.Qh5 Nf6 30.Qe2 Ne4
31.Rf3 Qe7 32.Rcf1 Bxe5 33.Nxe5 Nd6 34.Qe1 Qc7 35.R3f2 Qb6 36.g4 Bh7 37.Rxf8  1-0

[Event "WYCC Girls U18"]
[Site "Vung Tau City VIE"]
[Date "2008.10.26"]
[Round "7"]
[White "Monhchuluun,C"]
[Black "Kozarski,L"]
[Result "1-0"]
[WhiteElo "1969"]
[BlackElo "1714"]

1.d4 d5 2.c4 c6 3.Nc3 Nf6 4.Nf3 dxc4 5.a4 Bf5 6.e3 e6 7.Bxc4 Bb4 8.Bd2 O-O
9.O-O Nbd7 10.Re1 Bg6 11.Qb3 Qb6 12.Rac1 Bxc3 13.Bxc3 Rac8 14.Nh4 Ne4 15.Nxg6 hxg6
16.Bxe6 Qxb3 17.Bxb3 Nxc3 18.Rxc3 Nf6 19.Rec1 Ne4 20.R3c2 Rcd8 21.a5 Kh8
22.a6 Rd7 23.axb7 Rxb7 24.Ba4 Nf6 25.Bxc6 Rb6 26.Ba4 Rfb8 27.Rc8+ Kh7 28.Rxb8 Rxb8
29.b3 Nd5 30.g3 g5 31.Rc5 Ne7 32.Rc7 Nd5 33.Rxf7 a6 34.Rf5 Nb4 35.Rxg5 Rc8
36.Rc5 Rf8 37.Bc6 Kg8 38.Bd5+ Kh7 39.Bc4 g6 40.Rc7+ Kh6 41.Rb7 a5 42.Ra7  1-0

[Event "WYCC Boys U16"]
[Site "Vung Tau City VIE"]
[Date "2008.10.26"]
[Round "7"]
[White "Jorczik,J"]
[Black "Wageih,K"]
[Result "1-0"]
[WhiteElo "2382"]
[BlackElo "2197"]

1.d4 d5 2.c4 c6 3.Nf3 Nf6 4.Nc3 dxc4 5.a4 Bf5 6.e3 e6 7.Bxc4 Bb4 8.O-O Nbd7
9.Nh4 Bg4 10.f3 Bh5 11.g4 Bg6 12.Ng2 Qc7 13.h4 h5 14.g5 Nd5 15.Ne2 O-O-O
16.e4 N5b6 17.Bb3 Kb8 18.a5 Nc8 19.a6 b6 20.Qc2 e5 21.Be3 Ne7 22.Rac1 f5
23.f4 exd4 24.Nxd4 Nc5 25.Qc4 Nxb3 26.Qxb3 Bd2 27.Bxd2 Rxd4 28.Bc3 Rd3 29.Ne1 Re3
30.Qe6 Ka8 31.Bxg7 Rd8 32.Be5 Qd7 33.Qxd7 Rxd7 34.Ng2 Re2 35.Rce1 Red2 36.Bf6 Nc8
37.exf5 Bxf5 38.Re8 R7d3 39.Bc3 Rc2 40.Rf2 Rc1+ 41.Re1 Rxe1+ 42.Nxe1 Re3
43.Ng2 Rd3 44.Re2 Nd6 45.Re7 Bc8 46.Be5 Rd1+ 47.Kh2 Rd2 48.Bxd6 Rxd6 49.f5 Bxa6
50.f6 Bc4 51.f7 Bxf7 52.Rxf7 a5 53.Rf6  1-0

[Event "WYCC Boys U18"]
[Site "Vung Tau City VIE"]
[Date "2008.10.27"]
[Round "8"]
[White "Rajapakse,R"]
[Black "Pereira,Rub"]
[Result "0-1"]
[WhiteElo "1646"]
[BlackElo "2437"]

1.Nf3 d5 2.d4 Nf6 3.c4 c6 4.Nc3 dxc4 5.a4 Bf5 6.Ne5 Nbd7 7.Nxc4 Nb6 8.Ne5 a5
9.g3 Nfd7 10.e4 Nxe5 11.exf5 Qxd4 12.Be3 Qb4 13.Qe2 Rd8 14.Bg2 Nd3+ 15.Kf1 Nc4
16.Nd1 g6 17.f6 e6 18.h4 h5 19.Bg5 Bc5 20.Be4 Nde5 21.Kg2 Ne3+ 22.Bxe3 Qxe4+
23.f3 Qd3 24.Qf2 Bxe3 25.Nxe3 O-O 26.Rhd1 Qb3 27.Qe2 Qb4 28.Nf5 exf5 29.Qxe5 Rde8
30.Qd4 Re2+ 31.Kf1 Re1+  0-1

[Event "Open A"]
[Site "Le Touquet FRA"]
[Date "2008.10.28"]
[Round "4"]
[White "Gormally,D"]
[Black "Collins,S IRL"]
[Result "1/2-1/2"]
[WhiteElo "2514"]
[BlackElo "2412"]

1.d4 d5 2.c4 c6 3.Nf3 Nf6 4.Nc3 dxc4 5.a4 Bf5 6.Nh4 Bd7 7.e3 e6 8.Nf3 c5
9.d5 exd5 10.Nxd5 Be6 11.Nf4 Qxd1+ 12.Kxd1 Bg4 13.Bxc4 Nc6 14.Ke2 Bd6 15.Nd5 Nxd5
16.Bxd5 Rc8 17.h3 Bh5 18.Bd2 f6 19.Bc3 Bf7 20.Rhd1 Bxd5 21.Rxd5 Be7 22.Rad1 Kf7
23.Rd7 b6 24.Rb7 Rb8 25.Rxb8 Rxb8 26.Nh4 Rd8 27.Rxd8 Nxd8 28.g4 g6 29.Ng2  1/2-1/2

[Event "WYCC Girls U16"]
[Site "Vung Tau City VIE"]
[Date "2008.10.28"]
[Round "9"]
[White "Repina,V"]
[Black "Niji,A1"]
[Result "1/2-1/2"]
[WhiteElo "2258"]
[BlackElo "2057"]

1.d4 d5 2.c4 c6 3.Nf3 Nf6 4.Nc3 dxc4 5.a4 Bf5 6.Nh4 Bg4 7.h3 Bh5 8.g4 Bg6
9.Bg2 e6 10.Nxg6 hxg6 11.e4 Bb4 12.O-O Na6 13.g5 Nd7 14.d5 Ndc5 15.Qd4 O-O
16.Qxc4 Rc8 17.dxe6 Nxe6 18.h4 Qd4 19.Qe2 Bc5 20.Bh3 Rcd8 21.h5 Qd3 22.Qxd3 Rxd3
23.Bxe6 fxe6 24.hxg6 Rg3+ 25.Kh2 Rgf3 26.Kg2 Rxf2+ 27.Rxf2 Rxf2+ 28.Kg3 Rf1
29.b3 Bd4 30.Bb2 Rxa1 31.Bxa1 Nc5 32.Kf3 Nxb3 33.Bb2 Nd2+ 34.Ke2 Bxc3 35.Bxc3 Nxe4
36.Bd4 c5 37.Bb2 Nd6 38.Kd3 b6 39.Be5 Nc8 40.Kc4 Ne7 41.Kb5 Nd5 42.Bb2 Nb4
43.Be5 Nd5 44.Bb2 Kf8 45.Be5 Kg8 46.Bb2 a6+ 47.Kxa6 c4 48.Kb5 c3 49.Ba3 Ne3
50.Bc1 Nd5 51.Ba3 Ne3 52.Bc1 Nd5  1/2-1/2

[Event "Grand Prix CCAS"]
[Site "Cap D'Agde FRA"]
[Date "2008.10.29"]
[Round "6"]
[White "Sanchez,N"]
[Black "Benitah,Y"]
[Result "1/2-1/2"]
[WhiteElo "2232"]
[BlackElo "2428"]

1.d4 d5 2.c4 c6 3.Nc3 Nf6 4.Nf3 dxc4 5.a4 Bf5 6.Ne5 Na6 7.e3 Nb4 8.Bxc4 e6
9.O-O Bd6 10.Qe2 Qc7 11.e4 Bg6 12.Nf3 Be7 13.Ne5 Rd8 14.Bf4 Nh5 15.Be3 Nf6
16.Bf4 Nh5 17.Be3 Nf6 18.Bf4  1/2-1/2

[Event "8th Rohde Open"]
[Site "Sautron FRA"]
[Date "2008.10.30"]
[Round "7"]
[White "Abbasov,F"]
[Black "Damia,A"]
[Result "1/2-1/2"]
[WhiteElo "2578"]
[BlackElo "2222"]

1.d4 d5 2.Nf3 Nf6 3.c4 c6 4.Nc3 dxc4 5.a4 Bf5 6.Ne5 Nbd7 7.Nxc4 Qc7 8.g3 e5
9.dxe5 Nxe5 10.Bf4 Nfd7 11.Bg2 g5 12.Ne3 gxf4 13.Nxf5 O-O-O 14.Qc2 fxg3 15.hxg3 Kb8
16.O-O-O Bb4 17.Na2 Bc5 18.e3 a5 19.Rd2 Ba7 20.Rhd1 Nc5 21.Nd4 h5 22.Kb1 Ne6
23.Nxe6 fxe6 24.Rxd8+ Rxd8 25.Nc3 Ng4 26.Ne4 Bxe3 27.fxe3 Nxe3 28.Rxd8+ Qxd8
29.Qe2 Nxg2 30.Nc3 h4 31.Qxg2 Qd3+ 32.Kc1 Qxg3 33.Qxg3+ hxg3 34.Kd2  1/2-1/2

[Event "IM"]
[Site "Petah Tiqwa ISR"]
[Date "2008.10.31"]
[Round "7"]
[White "Kudischewitsch,D"]
[Black "Galburd,Y"]
[Result "1/2-1/2"]
[WhiteElo "2343"]
[BlackElo "2267"]

1.d4 d5 2.c4 c6 3.Nf3 Nf6 4.Nc3 dxc4 5.a4 Bf5 6.e3 e6 7.Bxc4 Bb4 8.O-O Nbd7
9.Qb3 a5 10.Na2 Be7 11.Qxb7 Rb8 12.Qa6 Ra8 13.Qxc6 Rc8 14.Qb5 Rb8  1/2-1/2

[Event "I Gedeon Barcza Mem"]
[Site "Budapest HUN"]
[Date "2008.11.04"]
[Round "9"]
[White "Ruck,R1"]
[Black "Skoberne,J"]
[Result "1/2-1/2"]
[WhiteElo "2574"]
[BlackElo "2501"]

1.Nf3 Nf6 2.c4 c6 3.d4 d5 4.Nc3 dxc4 5.a4 Bf5 6.Ne5 Nbd7 7.Nxc4 Qc7 8.g3 e5
9.dxe5 Nxe5 10.Bf4 Nfd7 11.Bg2 g5 12.Nxe5 gxf4 13.Nxd7 O-O-O 14.Qd4 Qxd7
15.Qxf4 Bd6 16.Qh6 Kb8 17.O-O Qe6 18.Qxe6 Bxe6 19.Rfd1 Bb4 20.Be4 Be7 21.Rxd8+ Bxd8
22.Bc2 Bf6 23.Rb1 h5 24.Ne4 Be7 25.b3 h4 26.Nd2 Rh5 27.Bd3 b5 28.e4 hxg3
29.hxg3 a6 30.Rb2 Ba3 31.Ra2 Bb4 32.axb5 axb5 33.Nf3 Bc3 34.Bc2 Kb7 35.Nh4 Rh8
36.f4 f6 37.Kf2 Rd8 38.Nf3 Bg4 39.e5 fxe5 40.Nxe5 Bd4+ 41.Ke1 Bc3+ 42.Kf2 Rd2+
43.Ke3 Re2+ 44.Kd3 Bxe5 45.fxe5 Rxe5 46.Kd4 Rg5 47.Ra1 Be6 48.Rg1 Kb6 49.Kc3 Bg4
50.Re1 Rc5+ 51.Kb2 Rd5 52.Re4 Rg5  1/2-1/2

[Event "21st Belgrade Trophy"]
[Site "Obrenovac SRB"]
[Date "2008.11.04"]
[Round "8"]
[White "Laverton,C"]
[Black "Rajcevic,S"]
[Result "0-1"]
[WhiteElo "1973"]
[BlackElo "2176"]

1.d4 d5 2.c4 c6 3.Nf3 Nf6 4.Nc3 dxc4 5.a4 Bf5 6.Ne5 Nbd7 7.Nxc4 Qc7 8.g3 e5
9.dxe5 Nxe5 10.Bf4 Nfd7 11.Bg2 g5 12.Ne3 gxf4 13.Nxf5 O-O-O 14.Qc2 fxg3 15.hxg3 Kb8
16.O-O h5 17.Rab1 h4 18.Nxh4 Rxh4 19.gxh4 Ng4 20.f4 Bc5+ 21.Kh1 Rh8 22.Rf3 Nde5
23.Rbf1 Nxf3 24.Rxf3 Rxh4+ 25.Bh3 Rxh3+ 26.Rxh3 Nf2+ 27.Kg2 Nxh3 28.Kxh3 Qxf4
29.Qd3 Bd6 30.Qf3 Qxf3+ 31.exf3 Be5 32.Nd1 Kc7 33.Kg4 Kb6 34.Ne3 Kc5 35.b3 b5
36.axb5 cxb5 37.Kf5 Bd4 38.Nc2 a5 39.Ke4 Bg7 40.Kd3 a4 41.bxa4 bxa4 42.Kd2 Kc4
43.Kc1 Kb3 44.Kb1 a3 45.Na1+ Bxa1 46.Kxa1 f5  0-1

[Event "Russia Cup Final"]
[Site "Serpuhov RUS"]
[Date "2008.11.07"]
[Round "2.1"]
[White "Sakaev,K"]
[Black "Chadaev,N"]
[Result "1/2-1/2"]
[WhiteElo "2640"]
[BlackElo "2567"]

1.d4 d5 2.c4 c6 3.Nf3 Nf6 4.Nc3 dxc4 5.a4 Bf5 6.Ne5 Nbd7 7.Nxc4 Nb6 8.Ne5 a5
9.g3 e6 10.Bg2 Bb4 11.O-O O-O 12.e3 h6 13.Qe2 Bh7 14.Rd1 Nbd7 15.Nc4 Nb6
16.Ne5 Nbd7 17.Na2 Be7 18.Nc4 Ne4 19.f3 Nd6 20.Ne5 f6 21.Nd3 Qe8 22.e4 Kh8
23.Nc3 e5 24.Be3 Nc4 25.Bf2 exd4 26.Bxd4 Nce5 27.Nf2 Bc5 28.f4 Nf7 29.Qe3 Qe7
30.Nd3 Bxd4 31.Qxd4 Rfe8 32.Qf2 Nf8 33.Nc5 Ne6 34.Nxe6 Qxe6 35.Qb6 Qe7 36.Rd2 Nd6
37.Rd4 Nc8 38.Qb3 Bg8 39.Qa3 Nb6 40.Qxe7 Rxe7 41.b4 axb4 42.Rxb4 Nc4 43.Rab1 Ra7
44.Rd1 Ra8 45.Rdb1 Ra7 46.Rd1 Ra8  1/2-1/2

[Event "Russia Cup Final"]
[Site "Serpuhov RUS"]
[Date "2008.11.08"]
[Round "2.2"]
[White "Bocharov,D"]
[Black "Lastin,A"]
[Result "1-0"]
[WhiteElo "2597"]
[BlackElo "2651"]

1.d4 d5 2.c4 c6 3.Nf3 Nf6 4.Nc3 dxc4 5.a4 Bf5 6.Ne5 Nbd7 7.Nxc4 Qc7 8.Bg5 e5
9.e3 Be7 10.Bd3 Be6 11.O-O h6 12.Bh4 exd4 13.Bg3 Qd8 14.exd4 Nb6 15.Ne5 Nbd5
16.a5 a6 17.Na4 O-O 18.Nc4 Nd7 19.Bc2 Bh4 20.Bd6 Be7 21.Bg3 Re8 22.Qd3 g6
23.Bb3 Bb4 24.h3 Qg5 25.Nd6 Bxd6 26.Bxd6 Nf4 27.Bxf4 Qxf4 28.Rfe1 Qd6 29.Bxe6 Rxe6
30.Qb3 Rxe1+ 31.Rxe1 Rb8 32.Qc4 Rd8 33.b3 h5 34.Nc5 Nxc5 35.dxc5 Qf6 36.Qe2 Rd5
37.Rc1 Kg7 38.Qe3 Qd4 39.Rc4 Qa1+ 40.Kh2 Qxa5 41.b4 Qc7+ 42.g3 Qe5 43.Re4 Qb2
44.Kg2 Rd7 45.g4 hxg4 46.hxg4 Qa1 47.Qf3 Qf6 48.Qe3 Qa1 49.Qf3 Qb2 50.Re8 Rd2
51.Qh3 Rxf2+ 52.Kg1 Rh2 53.Qxh2 Qc1+ 54.Kg2 Qd2+ 55.Kh3  1-0